000 00852nam a22002777a 4500
005 20110728100229.0
008 110728t xxu||||| |||| 00| 0 eng d
010 _aENG-103170
020 _a9780071077699
_c325.00
020 _a0071077693
_c325.00
035 _aEN-86703
037 _bDBAD / PUB
040 _adpl
_bEnglish
082 _a004
100 _929868
_aWilliams, Timothy J.
245 _aMCQs in computer science /
_cby Timothy J. Williams
250 _a4th ed
260 _aNew Delhi
_bTata McGraw Hill
_c2011
270 _a7, West Patel Nagar
_bNew Delhi
_e110008
300 _ax,445p.
_c24cm (pbk)
650 _929869
651 _91549
700 _929871
942 _2ddc
_cEN
_mWIL
_h004
999 _c54497
_d54497